Statystyki dla Rasy psów według państw

Kliknij tutaj aby rozwiązać quiz!

Ogólne statystyki

  • Ten quiz został rozwiązany 86 razy
    (82 od ostatniego zresetowania)
  • Średni wynik to 9 z 30

Statystyki odpowiedzi

Rasa psaKraj% Poprawnych
PekińczykChiny
86%
PudelFrancja
68%
Owczarek podhalańskiPolska
68%
JamnikNiemcy
59%
Owczarek kaukaskiRosja
58%
Tosa inuJaponia
57%
Yorkshire terrierWielka Brytania
54%
BolończykWłochy
54%
BernardynSzwajcaria
39%
Fila brasileiroBrazylia
38%
Boston terrierStany Zjednoczone
38%
NowofunlandKanada
30%
AkbaszTurcja
30%
Karelski pies na niedźwiedzieFinlandia
26%
Mastif pirenejskiHiszpania
25%
Dog kanaryjskiWyspy Kanaryjskie
23%
KomondorWęgry
20%
BloodhoundBelgia
19%
DalmatyńczykChorwacja
19%
Shih tzuTybet
19%
BroholmerDania
16%
Pies faraonaMalta
14%
JindoKorea
13%
Kerry blue terrierIrlandia
12%
Rodezyjski ridgebackZimbabwe
10%
Chart arabskiMaroko
9%
Cairn terrierSzkocja
9%
Chart afrykańskiMali
7%
Jack Russell terrierAustralia
6%
BarakBośnia i Hercegowina
4%

Rozkład punktacji

Percentyl według liczby udzielonych odpowiedzi

Procent ludzi z każdym wynikiem

Twoja historia wyników

Nie rozwiązałeś tego quizu od ostatniego zresetowania